Statistics for Stranger Things Characters by Picture

Click here to take the quiz!

General Stats

  • This quiz has been taken 15,694 times
  • The average score is 13 of 16

Answer Stats

Answer% Correct
Eleven
100%
Will Byers
93%
Mike Wheeler
92%
Dustin Henderson
91%
Steve Harrington
89%
Jim Hopper
88%
Max Mayfield
87%
Nancy Wheeler
85%
Vecna
84%
Billy Hargrove
81%
Eddie Munson
81%
Lucas Sinclair
81%
Robin Buckley
77%
Joyce Byers
75%
Erica Sinclair
70%
Murray Bauman
56%

Score Distribution

Percentile by Number Answered

Percent of People with Each Score

Your Score History

You have not taken this quiz